Zur Problematik des tschechischen "Verrates" im ersten Weltkrieg

Titel: Zur Problematik des tschechischen "Verrates" im ersten Weltkrieg : die k. u. k. Infanterie-Truppendivision 1914/15 / Christian E. Reiter
Verfasser:
Ausgabe: Überarbeitete Fassung der Hochschulschrift
Veröffentlicht: Wien : HGM, Heeresgeschichtliches Museum, [2016]
Umfang: 590 Seiten : Illustrationen ; 26 cm
Format: Buch
Sprache: Deutsch
Schriftenreihe/
mehrbändiges Werk:
Schriften des Heeresgeschichtlichen Museums (Wien) ; Bd. 21
Einheitssachtitel: ˜Derœ Fall des k.u.k. Infanterieregiments 36 : zur Desertionsproblematik der Tschechen an der Ostfront in den Kriegsjahren 1914/15
Hochschulschrift: Dissertation, Universität Wien, 2012
Schlagworte:
ISBN: 9783902551689
Buchumschlag
X
alg: 45690704
001A    $06000:12-12-19 
001B    $06055:13-03-26 $t19:38:52.000 
001D    $06000:09-01-20 
001U    $0utf8 
001X    $00 
002@    $0Aax 
002C    $aText $btxt $2rdacontent 
002D    $aohne Hilfsmittel zu benutzen $bn $2rdamedia 
002E    $aBand $bnc $2rdacarrier 
003@    $0456907041 
004A    $A978-3-902551-68-9 $fFesteinband 
006G    $01116370336 
006U    $019,B50 $f20161018 
006U    $020,H01 
007A    $01116370336 $aDNB 
009P    $qapplication/pdf $A2 $3Inhaltsverzeichnis $uhttps://d-nb.info/1116370336/04 $mV:DE-604 
010@    $ager 
010E    $erda 
011@    $a2016 $n[2016] 
013D    $RWissenschaftliche Literatur $#Dissertations, Academic $#Thèses et écrits académiques $#Hochschulschrift $74113937-9 $8Hochschulschrift [Tsz] $9085338818 
017A    $asf 
021A    $aZur Problematik des tschechischen "Verrates" im ersten Weltkrieg $ddie k. u. k. Infanterie-Truppendivision 1914/15 $hChristian E. Reiter 
022A    $aDer @Fall des k.u.k. Infanterieregiments 36 : zur Desertionsproblematik der Tschechen an der Ostfront in den Kriegsjahren 1914/15 
028A    $aReiter $BVerfasser $dChristian E. $4aut 
032@    $aÜberarbeitete Fassung der Hochschulschrift 
033A    $pWien $nHGM, Heeresgeschichtliches Museum 
034D    $a590 Seiten 
034I    $a26 cm 
034M    $aIllustrationen 
036E    $aSchriften des Heeresgeschichtlichen Museums (Wien) $lBd. 21 
037C    $dDissertation $eUniversität Wien $f2012 
039U    $aRezension in $8--Oou--Fahey, John E. [Tp3]. [Christian E. Reiter Zur Problematik des tschechischen “Verrates” im Ersten Weltkrieg], 2019 $9520620909 
044K    $RMilitär $RKrieger $RSoldatin $#Soldiers $#Soldats $#Soldati $#Soldaten $#Soldat $#Soldaten $#Legionär $#Soldaten $D20251120 $Ecgmnf $74055409-0 $8Soldat [Ts1] $9085154180 
044K    $RWeltkrieg $#World War, 1914-1918 $#Guerre mondiale (1914-1918) $#Weltkrieg 1914-1918 $#1. Weltkrieg $#I. Weltkrieg $#Weltkrieg I $D20251120 $Ecgmnf $74079163-4 $8Erster Weltkrieg [Tsz] $9085224588 
044K    $RDeserteur $#Desertion, Military $#Désertion $#Diserzione $#Deserción $#Desertion $#Desertion $D20251120 $Ecgmnf $74153535-2 $8Fahnenflucht [Ts1] $9085644862 
044K    $RHeer $#Infantry $#Infanterie $#Fanteria $#Infantería de marina $#Infanterie $D20251120 $Ecgmnf $74161647-9 $8Infanterie [Ts1] $9085710776 
044K    $RSoldat $RTschechen $D20251120 $Ecgmnf $74322177-4 $8Tschechischer Soldat [Ts1] $9086777882 
044K    $RTschechin $#Czechs $#Tchèques $#Tschechen $#Tscheche $#Tschechen $#Czechs $D20251120 $Ecgmnf $74061083-4 $8Tschechen [Ts1] $9085169609 
044K    $RÖsterreich $RUngarn $#Österreich-Ungarn $#Österreich-Ungarn $#Österreichisch-Ungarische Monarchie $#Donaumonarchie $#Doppelmonarchie $#Habsburgerreich 1867-1918 $#Habsburgisches Reich 1867-1918 $#Habsburgermonarchie 1867-1918 $#Osztrák-Magyar Birodalom $#Monarchie Austro-Hongroise $#Empire Austro-Hongrois $#Austria-Hungary $#Austrian-Hungarian Monarchy $#Austrian-Hungarian Empire $#Austria-Hungría $#Austria-Ungheria $#Monarchia Austro-Ungarica $#Austro-We̜gry $#Österreich-Ungarische Monarchie $#Österreichisch-Ungarisches Reich $#Osztrák-Magyar Monarchia $#Autriche-Hongrie $D20251120 $Ecgmnf $74075613-0 $8Österreich-Ungarn [Tg1] $9085213861 
045E    $c355 $c940 $c300 
045F    $a355.009437109041 $eDDC23BSB 
045F/01 $a355.009 
045F/03 $f09041 
045F/03 $g4371 
045F/03 $g436 

lok: 45690704 78

exp: 45690704 78 1 #EPN
201B/01 $013-08-24 $t15:53:29.000 
201C/01 $013-08-24 
201U/01 $0utf8 
203@/01 $01268885339 
208@/01 $a13-08-24 $be 
209A/01 $a/ $f000 $x00 
209A/01 $ab*p $x01 
220C/01 $apgar 
244Z/01 $#Böhmische Kronländer $#Länder der Böhmischen Krone $#Sudetenland $#Böhmen $#Mähren $#Mährisch-Schlesien $#Österreichisch-Schlesien $#Tschechische Sozialistische Republik Böhmische Länder $#Tschechei Böhmische Länder $#Země koruny české $74069573-6 $8--Tg1--Böhmische Länder $x03 $9085195553 
247C/01 $82080>Marburg/Lahn, Herder-Institut, Forschungsbibliothek, Bibliographieportal $9336309341
LEADER 00000cam a22000002c 4500
001 456907041
003 DE-603
005 20260313193852.0
007 tu
008 191212s2016 xx |||| m u00||u|ger
015 |a 19,B50  |2 dnb 
016 7 |2 DE-101  |a 1116370336 
020 |a 9783902551689  |c Festeinband 
035 |a (DE-599)DNB1116370336 
040 |a DE-603  |b ger  |c DE-603  |d DE-603  |e rda 
041 |a ger 
082 0 4 |8 1\u  |a 355.009437109041  |q DE-101  |2 23/BSB 
084 |a 355  |a 940  |a 300  |q DE-101  |2 sdnb 
085 |8 1\u  |b 355.009 
085 |8 1\u  |z 1  |s 09041 
085 |8 1\u  |z 2  |s 4371 
085 |8 1\u  |z 2  |s 436 
090 |a b 
100 1 |a Reiter, Christian E.  |e Verfasser  |4 aut 
240 1 0 |a ˜Derœ Fall des k.u.k. Infanterieregiments 36 : zur Desertionsproblematik der Tschechen an der Ostfront in den Kriegsjahren 1914/15 
245 0 0 |a Zur Problematik des tschechischen "Verrates" im ersten Weltkrieg  |b die k. u. k. Infanterie-Truppendivision 1914/15  |c Christian E. Reiter 
250 |a Überarbeitete Fassung der Hochschulschrift 
264 1 |a Wien  |b HGM, Heeresgeschichtliches Museum  |c [2016] 
300 |a 590 Seiten  |b Illustrationen  |c 26 cm 
336 |a Text  |b txt  |2 rdacontent 
337 |a ohne Hilfsmittel zu benutzen  |b n  |2 rdamedia 
338 |a Band  |b nc  |2 rdacarrier 
490 0 |a Schriften des Heeresgeschichtlichen Museums (Wien)  |v Bd. 21 
502 |b Dissertation  |c Universität Wien  |d 2012 
650 7 |a Soldat  |0 (DE-588)4055409-0  |0 (DE-603)085154180  |2 gnd 
650 7 |a Erster Weltkrieg  |0 (DE-588)4079163-4  |0 (DE-603)085224588  |2 gnd 
650 7 |a Fahnenflucht  |0 (DE-588)4153535-2  |0 (DE-603)085644862  |2 gnd 
650 7 |a Infanterie  |0 (DE-588)4161647-9  |0 (DE-603)085710776  |2 gnd 
650 7 |a Tschechischer Soldat  |0 (DE-588)4322177-4  |0 (DE-603)086777882  |2 gnd 
650 7 |a Tschechen  |0 (DE-588)4061083-4  |0 (DE-603)085169609  |2 gnd 
651 7 |a Österreich-Ungarn  |0 (DE-588)4075613-0  |0 (DE-603)085213861  |2 gnd 
655 7 |a Hochschulschrift  |2 gnd-content  |0 (DE-588)4113937-9  |0 (DE-603)085338818 
787 0 8 |i Rezension in  |a Fahey, John E.  |t [Christian E. Reiter Zur Problematik des tschechischen “Verrates” im Ersten Weltkrieg]  |w (DE-603)520620909 
856 4 2 |m V:DE-604  |q application/pdf  |u https://d-nb.info/1116370336/04  |3 Inhaltsverzeichnis 
924 0 |9 2080  |a (DE-603)1268885339  |b DE-2080  |c HES  |d d  |g /